| Tag |
First Indicator |
Second Indicator |
Subfields |
| LEADER |
00000cam a22000004a 4500 |
| 001 |
in00002009813 |
| 005 |
20151031142156.0 |
| 008 |
040407s2004 ctu bd 001 0 eng |
| 010 |
|
|
|a 2004047511
|
| 020 |
|
|
|a 0313328021 (v. 1 : alk. paper)
|
| 020 |
|
|
|a 031332803X (v. 2 : alk. paper)
|
| 020 |
|
|
|a 0313322899 (set : alk. paper)
|
| 035 |
|
|
|a (OCoLC)ocm55018639
|
| 040 |
|
|
|a DLC
|c DLC
|d C#P
|d PGC
|d UtOrBLW
|
| 042 |
|
|
|a pcc
|
| 049 |
|
|
|a TXAM
|
| 050 |
0 |
0 |
|a PN485
|b .E53 2004
|
| 082 |
0 |
0 |
|a 809/.933822
|2 22
|
| 245 |
0 |
0 |
|a Encyclopedia of Catholic literature /
|c edited by Mary R. Reichardt.
|
| 264 |
|
1 |
|a Westport, Conn. :
|b Greenwood Press,
|c 2004.
|
| 300 |
|
|
|a 2 volumes (xxix, 842 pages) ;
|c 27 cm.
|
| 336 |
|
|
|a text
|b txt
|2 rdacontent
|
| 337 |
|
|
|a unmediated
|b n
|2 rdamedia
|
| 338 |
|
|
|a volume
|b nc
|2 rdacarrier
|
| 504 |
|
|
|a Includes bibliographical references (pages [795]-800) and index.
|
| 505 |
0 |
|
|a v. 1. The letters of Abelard and Heloise / Peter Abelard -- The book of the Blessed Angela of Foligno / Angela of Foligno -- Confessions of St. Augustine / Augustine of Hippo -- The path to Rome / Hilaire Belloc -- The diary of a country priest / Georges Bernanos -- Group portrait with lady / Heinrich Böll -- The spirit-rapper : an autobiography / Orestos Brownson -- Death comes for the archbishop / Willa Cather -- Dialogue / Catherine of Siena -- The Canterbury tales / Geoffrey Chaucer -- The everlasting man / G.K. Chesterton -- The house on Mango Street / Sandra Cisneros -- Break of noon / Paul Claudel -- House of gold / Elizabeth Cullinan -- The divine comedy / Dante Alighieri -- The long loneliness / Dorothy Day -- Holy the firm / Annie Dillard -- Babette's feast / Isak Dinesen (Karen Blixen) -- The hind and the panther / John Dryden -- Voices from the moon / Andre Dubus -- Poems / William Dunbar -- Four quartets / T.S. Eliot -- Silence / Shusaku Endo -- The praise of folly / Desiderius Erasmus -- The veritable years : poems 1949-1966 / William Everson (Brother Antoninus) -- In the house of Brede / Rumer Godden -- The malefactors / Caroline Gordon -- Final payments / Mary Gordon --The power and the glory / Graham Greene -- Mariette in extasy / Ron Hanson -- North of hope / Jon Hassler -- Scivias / Hildegard of Bingen -- Poems / Gerard Manley Hopkins -- The dark night of the soul / John of the Cross -- A portrait of the artist as a young man / James Joyce -- Response to Sor Filotea / Sor Juana Inës de la Cruz -- Revelations of divine love / Julian of Norwich -- The year of living dangerously / Christopher J. Koch --
|
| 505 |
0 |
|
|a v. 2. Selected stories / Mary Lavin -- The circus of the sun / Robert Lax -- The song at the scaffold / Gertrud von le Fort -- The stream and the sapphire / Denise Levertov -- Viper's tangle and A woman of the Pharisees / François Mauriac -- The seven storey mountain / Thomas Merton -- Poems / Alice Meynell -- Catholics / Brian Moore -- Utopia / Thomas More -- Apologia pro vita sua / John Henry Newman -- Loss and gain, The story of a convert and Callista, a sketch of the third century / John Henry Newman -- The cloister walk / Kathleen Norris -- Wise blood / Flannery O'Connor -- Short stories / Flannery O'Connor -- Lancelot / Walker Percy -- Essay on man / Alexander Pope -- Ship of fools / Kathleen Anne Porter -- Morte d'Urban / J.F. Powers -- Poems / Jessica Powers -- A season in the West / Piers Paul Read -- Poems / Christina Rossetti -- The man born to be king / Dorothy L. Sayers -- Letters of Mother Seton to Mrs. Julianna Scott / Elizabeth Ann Seton -- Quo vadis? / Henryk Sienkiewicz -- Memento mori / Muriel Spark -- Essays on woman / Edith Stein -- Eternity, my beloved / Jean Sulivan -- Exemplar / Henry Suso -- The interior castle / Teresa of Avila -- Story of a soul / Thérèse of Lisieux -- The lord of the rings / J.R.R. Tolkien -- Kristin Lavransdatter / Sigrid Undset -- Brideshead revisited / Evelyn Waugh -- Sword of honor / Evelyn Waugh -- Waiting for God / Simone Weil -- Frost in May / Antonia White -- Beyond the bedroom wall / Larry Woiwode.
|
| 650 |
|
0 |
|a Catholic literature
|x History and criticism.
|
| 650 |
|
0 |
|a Catholic literature
|v Bio-bibliography
|v Dictionaries.
|
| 700 |
1 |
|
|a Reichardt, Mary R.
|
| 948 |
|
|
|a cataloged
|b h
|c 2004/11/16
|d c
|e cmulkey
|f 1:19:34 pm
|
| 994 |
|
|
|a C0
|b TXA
|
| 999 |
|
|
|a MARS
|
| 999 |
f |
f |
|s 027e5ff4-c65e-3ed7-85f7-1e2d86e2772f
|i c08e0d49-5640-3798-8ec2-cb975cdbb6eb
|t 0
|
| 952 |
f |
f |
|p ric
|a Texas A&M University
|b Rellis Campus
|c Joint Library Facility
|d Remote Storage
|t 0
|e PN485 .E53 2004
|h Library of Congress classification
|i unmediated -- volume
|k v.1
|m A14831601323
|
| 952 |
f |
f |
|p ric
|a Texas A&M University
|b Rellis Campus
|c Joint Library Facility
|d Remote Storage
|t 0
|e PN485 .E53 2004
|h Library of Congress classification
|i unmediated -- volume
|k v.2
|m A14831601331
|
| 998 |
f |
f |
|a PN485 .E53 2004
|s v.1-2
|t 0
|l Remote Storage
|